KOHA-Header-6

Human Resource Management (Record no. 6561)

000 -LEADER
fixed length control field 00244nam a2200109Ia 4500
020 ## - INTERNATIONAL STANDARD BOOK NUMBER
ISBN 978-8126531196
100 ## - MAIN ENTRY--AUTHOR NAME
Personal name David A. Decenzo
245 #0 - TITLE STATEMENT
Title Human Resource Management
260 ## - PUBLICATION, DISTRIBUTION, ETC. (IMPRINT)
Place of publication London
Name of publisher Addision-Wesley
Year of publication 2002
300 ## - PHYSICAL DESCRIPTION
Number of Pages 460
942 ## - ADDED ENTRY ELEMENTS (KOHA)
Koha item type Books
Holdings
Withdrawn status Lost status Collection code Permanent Location Current Location Shelving location Date acquired Full call number Accession Number Koha item type
    Management MAJU MAJU   2019-09-07 658.848 3576 Management

Powered by Koha